| 000 | 00407nam a2200169Ia 4500 | ||
|---|---|---|---|
| 008 | 180207s9999 xx 000 0 und d | ||
| 020 | _a9781869435172 | ||
| 050 | _bC875 2001 | ||
| 100 | _aCowley, Joy. | ||
| 245 | _aBrodie / | ||
| 245 | _cJoy Cowley and Chris Mausdale. | ||
| 260 | _aNew York : | ||
| 260 | _bScholastic, | ||
| 260 | _c2001 | ||
| 300 | _aunpaged : | ||
| 300 | _bcolor illustration ; | ||
| 999 |
_c355108 _d355108 |
||